00301 a2200097 450000500170000002000180001710000160003524500480005126000550009930000490015420250628142457.0 a9987-417-31-0 aSHIVJI, I.G aConstitutional and Legal System of Tanzania aDar es SalaambMkuki na Nyota Publishers Ltdc2004 axvi, 312p.: ill; graphs, tablesbIndexc23cm